| 000 | 00469nam a2200169Ia 4500 | ||
|---|---|---|---|
| 003 | GCL | ||
| 008 | 140319s9999 xx 000 0 ara d | ||
| 020 | _a4215581977 | ||
| 040 |
_aGCL / _cGCL |
||
| 082 | 0 | 4 |
_a813.03 _bن غ |
| 100 | 1 | _aنجلاء محمود محرم | |
| 245 | 1 | 0 |
_aالغزو ..عشقا / _cنجلاء محمود محرم |
| 300 |
_a199 ص ؛ _c20 سم |
||
| 650 | 0 | 4 | _aالادب العربى |
| 650 | 0 | 4 | _aالقصص العربية |
| 942 |
_2ddc _cBK |
||
| 999 |
_c7593 _d7593 |
||